[Event "IECG WC.2003.F.00006 email"]
[Site "IECG email"]
[Date "2003.12.20"]
[Round "?"]
[White "Chovanec, Vladimir"]
[Black "Pinasco, Juan Pablo"]
[Result "1-0"]
[WhiteElo "1827"]
[BlackElo "1888"]
[PlyCount "73"]
[EventDate "2003.12.20"]
[EventType "tourn (corr)"]
[EventRounds "14"]
[SourceTitle "Corr 2008"]
[Source "ChessBase"]
[SourceDate "2008.06.24"]
[SourceVersion "1"]
[SourceVersionDate "2008.06.24"]
[SourceQuality "1"]

1. e4 c6 2. d4 d5 3. exd5 cxd5 4. c3 Nc6 5. Nf3 Qc7 6. g3 e6 7. Bf4 Bd6 8. Bxd6 Qxd6 9. Bd3 Bd7 10. 0-0 0-0-0 11. Na3 a6 12. Re1 f6 13. Rc1 g5 14. c4 Nge7 15. cxd5 Nxd5 16. Nc4 Qc7 17. a3 h5 18. b4 Kb8 19. Na5 Qd6 20. Nb3 h4 21. Be4 Bc8 22. Nfd2 hxg3 23. fxg3 Qf8 24. Qe2 f5 25. Bh1 f4 26. Nf3 fxg3 27. hxg3 Rh3 28. Rxc6 bxc6 29. Qe5+ Qd6 30. Qxd6+ Rxd6 31. Kg2 g4 32. Ne5 Kc7 33. Kf2 Nf4 34. Bg2 Nxg2 35. Kxg2 Rd8 36. Nxg4 Rdh8 37. Rc1 1-0

[Event "IECG WC.2003.F.00006 email"]
[Site "IECG email"]
[Date "2003.12.20"]
[Round "?"]
[White "Pinasco, Juan Pablo"]
[Black "Perez, Giorgio"]
[Result "1-0"]
[WhiteElo "1888"]
[BlackElo "1877"]
[PlyCount "65"]
[EventDate "2003.12.20"]
[EventType "tourn (corr)"]
[EventRounds "14"]
[SourceTitle "Corr 2008"]
[Source "ChessBase"]
[SourceDate "2008.06.24"]
[SourceVersion "1"]
[SourceVersionDate "2008.06.24"]
[SourceQuality "1"]

1. d4 Nf6 2. c4 g6 3. Nc3 Bg7 4. e4 d6 5. Nf3 0-0 6. Be2 e5 7. 0-0 Nc6 8. d5 Ne7 9. Ne1 Nd7 10. f3 f5 11. Be3 f4 12. Bf2 g5 13. a4 Ng6 14. a5 Nf6 15. c5 h5 16. cxd6 cxd6 17. Nb5 a6 18. Bb6 Qe7 19. Nc7 Rb8 20. Ba7 Qxc7 21. Rc1 Qxa5 22. Bxb8 Qb6+ 23. Kh1 Qd8 24. Bc7 Qd7 25. Bb6 Ne8 26. Nd3 Bf6 27. Qd2 Bd8 28. Qa5 Nf6 29. Rc3 Kg7 30. Rfc1 Ne7 31. Bc7 Bxc7 32. Rxc7 Qd8 33. Qb4 1-0

[Event "IECG WC.2006.P.00005 email"]
[Site "IECG email"]
[Date "2003.01.22"]
[Round "?"]
[White "Hall, Dick"]
[Black "Pinasco, Juan Pablo"]
[Result "1-0"]
[WhiteElo "1624"]
[BlackElo "1986"]
[PlyCount "56"]
[EventDate "2003.01.22"]
[EventType "tourn (corr)"]
[EventRounds "10"]
[SourceTitle "Corr 2008"]
[Source "ChessBase"]
[SourceDate "2008.06.24"]
[SourceVersion "1"]
[SourceVersionDate "2008.06.24"]
[SourceQuality "1"]

1. e4 c5 2. Nf3 Nc6 3. d4 cxd4 4. Nxd4 Nf6 5. Nc3 e5 6. Ndb5 d6 7. Bg5 a6 8. Na3 b5 9. Bxf6 gxf6 10. Nd5 Qa5+ 11. c3 f5 12. Nf6+ Ke7 13. Nd5+ Ke8 14. exf5 Bxf5 15. Qf3 Bd7 16. Bd3 Be7 17. Nf6+ Kd8 18. Nxd7 Kxd7 19. Nc2 Raf8 20. 0-0 Kc7 21. Qd5 Bg5 22. Rfd1 Ne7 23. Qf3 f5 24. Qh5 Rhg8 25. a4 bxa4 26. Nb4 Rg7 27. Nxa6+ Kb7 28. Nb4 e4 1-0

[Event "IECG WC.2006.P.00005 email"]
[Site "IECG email"]
[Date "2003.01.22"]
[Round "?"]
[White "Pinasco, Juan Pablo"]
[Black "Kulczycki, Michael"]
[Result "1/2-1/2"]
[WhiteElo "1986"]
[BlackElo "2006"]
[PlyCount "44"]
[EventDate "2003.01.22"]
[EventType "tourn (corr)"]
[EventRounds "10"]
[SourceTitle "Corr 2008"]
[Source "ChessBase"]
[SourceDate "2008.06.24"]
[SourceVersion "1"]
[SourceVersionDate "2008.06.24"]
[SourceQuality "1"]

1. d4 d5 2. c4 e6 3. Nc3 Nf6 4. cxd5 exd5 5. Bg5 c6 6. Qc2 Be7 7. e3 Nbd7 8. Bd3 Nf8 9. Nf3 Ne6 10. Bh4 g6 11. 0-0 0-0 12. Rab1 Ng7 13. b4 a6 14. a4 Bf5 15. b5 axb5 16. axb5 Bxd3 17. Qxd3 Nd7 18. Bxe7 Qxe7 19. bxc6 bxc6 20. Qc2 Nf5 21. Na4 Rfc8 22. Rb7 Nd6 1/2-1/2

[Event "IECG CP.2001.Q.00017 email"]
[Site "IECG email"]
[Date "2002.10.01"]
[Round "?"]
[White "Evans, Gordon R"]
[Black "Pinasco, Juan Pablo"]
[Result "1-0"]
[WhiteElo "2297"]
[BlackElo "1947"]
[PlyCount "39"]
[EventDate "2002.10.01"]
[EventType "tourn (corr)"]
[EventRounds "6"]
[EventCountry "ENG"]
[SourceTitle "Corr 2008"]
[Source "ChessBase"]
[SourceDate "2008.06.24"]
[SourceVersion "1"]
[SourceVersionDate "2008.06.24"]
[SourceQuality "1"]

1. e4 c6 2. d4 d5 3. e5 Bf5 4. Nc3 e6 5. g4 Bg6 6. Nge2 Nd7 7. h4 h5 8. Nf4 Ne7 9. Nxg6 Nxg6 10. gxh5 Nxh4 11. Bd3 c5 12. Qg4 Be7 13. Qxg7 Rf8 14. Rh3 Qa5 15. Bd2 c4 16. Bh7 0-0-0 17. 0-0-0 Qb6 18. f4 Rh8 19. Rdh1 Rdf8 20. Be3 1-0

[Event "IECG CP.2001.Q.00017 email"]
[Site "IECG email"]
[Date "2002.10.01"]
[Round "?"]
[White "Pinasco, Juan Pablo"]
[Black "Dehaybe, Andre"]
[Result "1/2-1/2"]
[WhiteElo "1947"]
[BlackElo "1710"]
[PlyCount "46"]
[EventDate "2002.10.01"]
[EventType "tourn (corr)"]
[EventRounds "6"]
[EventCountry "ENG"]
[SourceTitle "Corr 2008"]
[Source "ChessBase"]
[SourceDate "2008.06.24"]
[SourceVersion "1"]
[SourceVersionDate "2008.06.24"]
[SourceQuality "1"]

1. d4 d5 2. c4 dxc4 3. Nf3 Nf6 4. Nc3 c6 5. a4 Bf5 6. Ne5 e6 7. f3 Bb4 8. e4 Bxe4 9. fxe4 Nxe4 10. Bd2 Bxc3 11. bxc3 Qh4+ 12. g3 Nxg3 13. hxg3 Qxh1 14. Qg4 Nd7 15. Qxg7 Rf8 16. Nxc4 Qf3 17. Qg5 Nf6 18. Nd6+ Ke7 19. Nxb7 Rg8 20. Qc5+ Kd7 21. Qd6+ Ke8 22. Nc5 Rxg3 23. Rb1 Rg1 1/2-1/2

[Event "IECG WC.2005.P.00007 email"]
[Site "IECG email"]
[Date "2002.01.29"]
[Round "?"]
[White "Pinasco, Juan Pablo"]
[Black "Bourgoin, Claude"]
[Result "1/2-1/2"]
[WhiteElo "1958"]
[BlackElo "2023"]
[PlyCount "81"]
[EventDate "2002.01.29"]
[EventType "tourn (corr)"]
[EventRounds "13"]
[SourceTitle "Corr 2008"]
[Source "ChessBase"]
[SourceDate "2008.06.24"]
[SourceVersion "1"]
[SourceVersionDate "2008.06.24"]
[SourceQuality "1"]

1. e4 e6 2. d4 d5 3. Nd2 Be7 4. Bd3 Nc6 5. c3 dxe4 6. Nxe4 e5 7. dxe5 Nxe5 8. Bb5+ Kf8 9. Qxd8+ Bxd8 10. Bf4 Ng6 11. Be3 Nh4 12. 0-0-0 Bf5 13. Nc5 Nxg2 14. Nd7+ Bxd7 15. Bc5+ Be7 16. Bxe7+ Nxe7 17. Rxd7 a6 18. Bf1 Nh4 19. Rxc7 b5 20. c4 Nhf5 21. Ne2 bxc4 22. Ng3 c3 23. bxc3 Nd6 24. Be2 Ne8 25. Rb7 Rc8 26. Kb2 Nd5 27. Re1 a5 28. Bg4 Rd8 29. Ne4 h5 30. Bf3 Ndc7 31. Kb3 Rh6 32. Ng5 Rd2 33. Be2 a4+ 34. Kxa4 Rxa2+ 35. Kb3 Ra5 36. f4 Rf5 37. Bd3 Rxf4 38. Rb8 g6 39. h3 h4 40. Re5 Kg7 41. Rb7 1/2-1/2

[Event "IECG CP.2001.P.00066"]
[Site "IECG email"]
[Date "2001.10.01"]
[Round "?"]
[White "Kulczycki, Michael"]
[Black "Pinasco, Juan Pablo"]
[Result "1/2-1/2"]
[WhiteElo "1879"]
[BlackElo "1687"]
[PlyCount "51"]
[EventDate "2001.10.01"]
[EventType "tourn (corr)"]
[EventRounds "6"]
[SourceTitle "Corr 2008"]
[Source "ChessBase"]
[SourceDate "2008.06.24"]
[SourceVersion "1"]
[SourceVersionDate "2008.06.24"]
[SourceQuality "1"]

1. Nf3 f5 2. g3 Nf6 3. Bg2 g6 4. d4 Bg7 5. 0-0 0-0 6. b3 d6 7. Bb2 Qe8 8. c4 Na6 9. Nbd2 e5 10. dxe5 Ng4 11. Ba3 Nxe5 12. Rc1 Nc5 13. Nxe5 Qxe5 14. Nf3 Qe7 15. e3 a5 16. Rc2 b6 17. Bxc5 bxc5 18. Nd4 Ra6 19. Ne2 a4 20. bxa4 Rxa4 21. Nf4 Kh8 22. Qd3 Be5 23. Nd5 Qf7 24. Rb1 Ra7 25. Kh1 Bb7 26. Rb3 1/2-1/2

[Event "IECG CP.2001.P.00066"]
[Site "IECG email"]
[Date "2001.10.01"]
[Round "?"]
[White "Trapeaux, Jerome"]
[Black "Pinasco, Juan Pablo"]
[Result "1/2-1/2"]
[WhiteElo "2159"]
[BlackElo "1687"]
[PlyCount "33"]
[EventDate "2001.10.01"]
[EventType "tourn (corr)"]
[EventRounds "6"]
[SourceTitle "Corr 2008"]
[Source "ChessBase"]
[SourceDate "2008.06.24"]
[SourceVersion "1"]
[SourceVersionDate "2008.06.24"]
[SourceQuality "1"]

1. c4 e6 2. Nf3 f5 3. g3 Nf6 4. Bg2 Be7 5. 0-0 0-0 6. b3 b6 7. Ne5 d5 8. d4 Bb7 9. Bb2 c5 10. Nd2 Nbd7 11. Nd3 Bd6 12. e3 Rc8 13. Rc1 a6 14. Nf3 Qe7 15. Qe2 dxc4 16. bxc4 Rfd8 17. Rfd1 1/2-1/2

[Event "IECG WC.2004.P.00001 email"]
[Site "IECG email"]
[Date "2001.01.22"]
[Round "?"]
[White "Glanz, Andre"]
[Black "Pinasco, Juan Pablo"]
[Result "1-0"]
[WhiteElo "1887"]
[BlackElo "1571"]
[PlyCount "54"]
[EventDate "2001.01.22"]
[EventType "tourn (corr)"]
[EventRounds "8"]
[SourceTitle "Corr 2008"]
[Source "ChessBase"]
[SourceDate "2008.06.24"]
[SourceVersion "1"]
[SourceVersionDate "2008.06.24"]
[SourceQuality "1"]

1. Nf3 f5 2. d4 Nf6 3. g3 g6 4. Bg2 Bg7 5. 0-0 0-0 6. c4 d6 7. Nc3 Nc6 8. d5 Na5 9. Nd2 c5 10. a3 b6 11. Qc2 Nb7 12. b3 a6 13. Bb2 Rb8 14. b4 e5 15. dxe6 Bxe6 16. Rfd1 Qe7 17. e3 Rfd8 18. Ne2 d5 19. Nf4 Bf7 20. Bxf6 Bxf6 21. Nxd5 Bxd5 22. Bxd5+ Rxd5 23. cxd5 Bxa1 24. Rxa1 Qe5 25. Rd1 Qxd5 26. Nf3 Qe6 27. Ng5 Qe7 1-0

[Event "IECG WC.2004.P.00001 email"]
[Site "IECG email"]
[Date "2001.01.22"]
[Round "?"]
[White "Gunther, Christian"]
[Black "Pinasco, Juan Pablo"]
[Result "1/2-1/2"]
[WhiteElo "2138"]
[BlackElo "1571"]
[PlyCount "86"]
[EventDate "2001.01.22"]
[EventType "tourn (corr)"]
[EventRounds "8"]
[SourceTitle "Corr 2008"]
[Source "ChessBase"]
[SourceDate "2008.06.24"]
[SourceVersion "1"]
[SourceVersionDate "2008.06.24"]
[SourceQuality "1"]

1. e4 c5 2. Nf3 Nc6 3. d4 cxd4 4. Nxd4 Nf6 5. Nc3 e5 6. Ndb5 d6 7. Bg5 a6 8. Na3 b5 9. Bxf6 gxf6 10. Nd5 f5 11. Bd3 Be6 12. 0-0 Bg7 13. Qh5 f4 14. Kh1 Ne7 15. Nxe7 Qxe7 16. c4 b4 17. Nc2 a5 18. b3 Qd7 19. a3 bxa3 20. Rxa3 0-0 21. Rfa1 Rab8 22. Qd1 Bf6 23. Qd2 Bd8 24. b4 axb4 25. Nxb4 Bb6 26. Rb3 Bd4 27. Rab1 f5 28. Nc2 Rxb3 29. Rxb3 Bc5 30. exf5 Bxf5 31. f3 Bxd3 32. Qxd3 Rc8 33. Qe4 Qf7 34. g4 Qg6 35. Qb7 Re8 36. Ne1 h5 37. h3 hxg4 38. hxg4 Qh6+ 39. Kg2 Qh4 40. Nd3 Qg3+ 41. Kf1 Be3 42. Qe4 Qg1+ 43. Ke2 Qg2+ 1/2-1/2

[Event "IECG WC.2004.P.00001 email"]
[Site "IECG email"]
[Date "2001.01.22"]
[Round "?"]
[White "Lanin, Boris Aleksandrovic"]
[Black "Pinasco, Juan Pablo"]
[Result "1-0"]
[WhiteElo "2033"]
[BlackElo "1571"]
[PlyCount "97"]
[EventDate "2001.01.22"]
[EventType "tourn (corr)"]
[EventRounds "8"]
[SourceTitle "Corr 2008"]
[Source "ChessBase"]
[SourceDate "2008.06.24"]
[SourceVersion "1"]
[SourceVersionDate "2008.06.24"]
[SourceQuality "1"]

1. e4 c6 2. d4 d5 3. exd5 cxd5 4. c4 Nf6 5. Nc3 e6 6. Nf3 Bb4 7. Bd3 dxc4 8. Bxc4 a6 9. 0-0 b5 10. Bb3 0-0 11. Bg5 Bb7 12. Ne5 Nbd7 13. Nxd7 Qxd7 14. Bxf6 gxf6 15. Qd3 Rac8 16. Rfd1 Bxc3 17. bxc3 Kh8 18. f3 Rg8 19. Rac1 Rg6 20. c4 bxc4 21. Rxc4 Rcg8 22. Rc2 Rg5 23. Rcd2 Qd6 24. Rf1 Qf4 25. g3 Rxg3+ 26. hxg3 Rxg3+ 27. Rg2 Bxf3 28. Rff2 Qc1+ 29. Kh2 Qg5 30. Qxf3 Qh4+ 31. Kg1 Rxf3 32. Rxf3 Qe1+ 33. Kh2 Qh4+ 34. Rh3 Qxd4 35. Rhg3 Qe5 36. Bd1 Qf4 37. Be2 a5 38. Bf3 f5 39. Rc2 h6 40. Kh3 Kh7 41. Rcg2 Qd4 42. Bh5 f4 43. Rb3 Qe5 44. Bf3 a4 45. Rb7 Qe3 46. Rxf7+ Kh8 47. Kg4 h5+ 48. Kg5 Qxf3 49. Rc2 1-0

[Event "IECG CP.2000.P.00078"]
[Site "IECG email"]
[Date "2000.10.01"]
[Round "?"]
[White "Baroin, Bernard"]
[Black "Pinasco, Juan Pablo"]
[Result "1-0"]
[WhiteElo "2048"]
[BlackElo "1458"]
[PlyCount "63"]
[EventDate "2000.10.01"]
[EventType "tourn (corr)"]
[EventRounds "6"]
[EventCountry "FRA"]
[SourceTitle "Corr 2008"]
[Source "ChessBase"]
[SourceDate "2008.06.24"]
[SourceVersion "1"]
[SourceVersionDate "2008.06.24"]
[SourceQuality "1"]

1. e4 c5 2. Nf3 Nc6 3. d4 cxd4 4. Nxd4 e5 5. Nb5 d6 6. N1c3 a6 7. Na3 b5 8. Nd5 Nf6 9. Bg5 Qa5+ 10. Bd2 Qd8 11. Bg5 Qa5+ 12. Bd2 Qd8 13. Nxf6+ Qxf6 14. c4 Qg6 15. f3 Be7 16. cxb5 Bh4+ 17. g3 Bxg3+ 18. hxg3 Qxg3+ 19. Ke2 Nd4+ 20. Kd3 Nxf3 21. Be3 d5 22. exd5 Bf5+ 23. Kc3 Nd4 24. Qd2 Rc8+ 25. Kb4 0-0 26. Rg1 Qh4 27. Bxd4 Rfd8 28. Bc4 axb5 29. Nxb5 Qe7+ 30. d6 Rxd6 31. Bc5 Rxc5 32. Nxd6 1-0

[Event "IECG CP.1999.Q.00004"]
[Site "IECG email"]
[Date "2000.10.01"]
[Round "?"]
[White "Drogi, Gerhard"]
[Black "Pinasco, Juan Pablo"]
[Result "1-0"]
[WhiteElo "2173"]
[BlackElo "1458"]
[PlyCount "51"]
[EventDate "2000.10.01"]
[EventType "tourn (corr)"]
[EventRounds "8"]
[EventCountry "NED"]
[SourceTitle "Corr 2008"]
[Source "ChessBase"]
[SourceDate "2008.06.24"]
[SourceVersion "1"]
[SourceVersionDate "2008.06.24"]
[SourceQuality "1"]

1. e4 e6 2. d4 d5 3. Nc3 Nf6 4. Bg5 Bb4 5. e5 h6 6. Bd2 Bxc3 7. bxc3 Ne4 8. Qg4 g6 9. Bd3 Nxd2 10. Kxd2 c5 11. Nf3 Bd7 12. Rab1 Bc6 13. Bxg6 fxg6 14. Qxe6+ Qe7 15. Qxg6+ Kd8 16. e6 Kc8 17. Rhe1 Be8 18. Qg4 Rf8 19. Re5 cxd4 20. cxd4 Rf6 21. Nh4 Nc6 22. Nf5 Qd8 23. Qg7 Rb8 24. Rb5 Rg6 25. Qh7 Nxe5 26. Rc5+ 1-0

[Event "IECG CP.1999.Q.00004"]
[Site "IECG email"]
[Date "2000.10.01"]
[Round "?"]
[White "Pinasco, Juan Pablo"]
[Black "Bourgault, Pierre"]
[Result "1/2-1/2"]
[WhiteElo "1458"]
[BlackElo "2019"]
[PlyCount "38"]
[EventDate "2000.10.01"]
[EventType "tourn (corr)"]
[EventRounds "8"]
[EventCountry "NED"]
[SourceTitle "Corr 2008"]
[Source "ChessBase"]
[SourceDate "2008.06.24"]
[SourceVersion "1"]
[SourceVersionDate "2008.06.24"]
[SourceQuality "1"]

1. d4 e6 2. c4 Nf6 3. Nc3 Bb4 4. e3 b6 5. Nge2 Ne4 6. Bd2 Bb7 7. a3 Nxd2 8. Qxd2 Be7 9. d5 0-0 10. g3 d6 11. Bh3 Nd7 12. 0-0 Ne5 13. Qc2 Bf6 14. Rfd1 Nxc4 15. dxe6 Qe7 16. Nf4 Bxc3 17. Qxc3 Ne5 18. exf7+ Rxf7 19. Be6 Nf3+ 1/2-1/2